[Event "Bergen op"]
[Site "Bergen"]
[Date "2000.07.21"]
[Round "1"]
[White "Volzhin, Alexander"]
[Black "Ledger, David"]
[Result "1-0"]
[WhiteElo "2556"]
[BlackElo "2302"]
[PlyCount "51"]
[EventDate "2000.07.21"]
[Source "ChessBase"]
[SourceDate "2000.09.14"]

1. d4 d5 2. c4 e6 3. Nc3 Nf6 4. Bg5 Be7 5. e3 O-O 6. Rc1 b6 7. cxd5 exd5 8. Bd3 h6 9. Bxf6 Bxf6 10. Nf3 Be6 11. O-O c5 12. dxc5 bxc5 13. e4 c4 14. exd5 cxd3 15. dxe6 Na6 16. Qa4 Nc7 17. exf7+ Rxf7 18. Qc4 Qd7 19. Rcd1 Rd8 20. Rd2 Ne6 21. Ne4 Qd5 22. Qxd5 Rxd5 23. Rfd1 Rc7 24. g3 Rc2 25. Nxf6+ gxf6 26. Ne1 1-0

[Event "Summer I"]
[Site "Alushta"]
[Date "2004.05.21"]
[Round "13"]
[White "Svirjov, Igor"]
[Black "Derjabin, Ilja"]
[Result "1/2-1/2"]
[WhiteElo "2450"]
[BlackElo "2391"]
[PlyCount "54"]
[EventDate "2004.05.13"]
[Source "Roberto Alvarez"]
[SourceDate "2004.05.31"]

1. d4 d5 2. c4 e6 3. Nc3 Nf6 4. Bg5 Be7 5. e3 O-O 6. Rc1 h6 7. Bh4 b6 8. Bxf6 Bxf6 9. cxd5 exd5 10. Qf3 Bb7 11. Bc4 c6 12. Bb3 Re8 13. Nge2 Na6 14. O-O Nc7 15. Rfd1 Ne6 16. Nf4 Nxf4 17. Qxf4 Bg5 18. Qf3 Re7 19. h3 Rc8 20. Rc2 Rd7 21. a3 g6 22. a4 a5 23. Rcd2 Ba6 24. g3 h5 25. h4 Bh6 26. Ne2 Bxe2 27. Rxe2 Rd6 1/2-1/2

[Event "Buenos Aires PRENAJ"]
[Site "Buenos Aires ARG"]
[Date "1994.??.??"]
[Round "2"]
[White "Tempone, Marcelo J"]
[Black "Bronstein, Luis M"]
[Result "1/2-1/2"]
[WhiteElo "2460"]
[BlackElo "2380"]
[PlyCount "45"]
[EventDate "1994.??.??"]
[Source "www.chesslib.no"]
[SourceDate "2004.05.04"]

1. c4 e6 2. d4 Nf6 3. Nc3 d5 4. Bg5 Be7 5. e3 h6 6. Bh4 O-O 7. Rc1 b6 8. Bxf6 Bxf6 9. cxd5 exd5 10. Bd3 c5 11. Nge2 Nc6 12. dxc5 Nb4 13. c6 Nxc6 14. O-O Bb7 15. Bb5 Ne5 16. Nd4 Rc8 17. Qe2 Nc4 18. Rfd1 Be5 19. b3 Nd6 20. Ba6 Bxa6 21. Qxa6 Bxd4 22. exd4 Ne4 23. Nxe4 1/2-1/2

[Event "JUG-ch"]
[Site "Vrbas"]
[Date "1982.??.??"]
[Round "?"]
[White "Rukavina, Josip"]
[Black "Kelecevic, Nedeljko"]
[Result "1-0"]
[WhiteElo "2450"]
[BlackElo "2390"]
[PlyCount "91"]
[EventDate "1982.??.??"]
[Source "ChessBase"]

1. c4 e6 2. d4 Nf6 3. Nc3 d5 4. Bg5 Be7 5. e3 h6 6. Bh4 O-O 7. Rc1 Ne4 8. Bxe7 Qxe7 9. cxd5 Nxc3 10. Rxc3 exd5 11. Bd3 c6 12. Ne2 Bg4 13. f3 Bc8 14. Bc2 Rd8 15. Qd3 g6 16. e4 Na6 17. Qe3 Kg7 18. O-O Nc7 19. e5 Bd7 20. f4 f5 21. exf6+ Qxf6 22. f5 g5 23. Qf2 Be8 24. Re3 Rd7 25. h4 Bh5 26. hxg5 hxg5 27. Ng3 Bf7 28. a4 Rh8 29. Re5 Rh4 30. Rfe1 Kf8 31. Qd2 Ne8 32. b3 Nd6 33. Nh1 Ne4 34. Bxe4 dxe4 35. Qc3 e3 36. Qxe3 Rhxd4 37. Nf2 b6 38. Qg3 Rf4 39. Nh3 Rxf5 40. Nxg5 Qg6 41. Rxf5 Qxf5 42. Rf1 Qg6 43. Qb8+ Kg7 44. Qe5+ Kh6 45. Rf6 Rd5 46. Nxf7+ 1-0

[Event "Santa Clara"]
[Site "Santa Clara CUB"]
[Date "1990.??.??"]
[Round "11"]
[White "Vera, Reynaldo G"]
[Black "Sieiro-Gonzalez, Luis"]
[Result "1/2-1/2"]
[WhiteElo "2475"]
[BlackElo "2360"]
[PlyCount "89"]
[EventDate "1990.02.??"]
[Source "www.chesslib.no"]
[SourceDate "2004.05.04"]

1. d4 d5 2. c4 e6 3. Nc3 Nf6 4. Bg5 Be7 5. e3 h6 6. Bh4 O-O 7. Rc1 Ne4 8. Bxe7 Qxe7 9. Nge2 c6 10. Nf4 Nd7 11. Be2 Nxc3 12. Rxc3 dxc4 13. Bxc4 Re8 14. O-O e5 15. Ng6 Qf6 16. Qh5 Qg5 17. Qxg5 hxg5 18. Nxe5 Nxe5 19. dxe5 Rxe5 20. f4 gxf4 21. exf4 Re8 22. f5 Re5 23. g4 b5 24. Bd3 Bd7 25. Rfc1 a5 26. Kf2 Rc8 27. Rc5 Rxc5 28. Rxc5 Kf8 29. h4 Ke7 30. g5 f6 31. Kg3 Kd6 32. Rc1 Re8 33. Kf4 c5 34. Rd1 Ke7 35. Re1+ Kf8 36. Rxe8+ Bxe8 37. a4 bxa4 38. Bc4 Bc6 39. g6 a3 40. bxa3 Ba4 41. Be6 Bd1 42. Ke4 Ke7 43. Bc4 Kd6 44. Kf4 Kc6 45. Ke3 1/2-1/2

[Event "Petah Tiqwa"]
[Site "Petah Tiqwa"]
[Date "1996.??.??"]
[Round "1"]
[White "Kantsler, Boris"]
[Black "Ravia, Mosi"]
[Result "1/2-1/2"]
[WhiteElo "2455"]
[BlackElo "2370"]
[PlyCount "31"]
[EventDate "1996.09.30"]
[Source "ChessBase"]

1. d4 Nf6 2. c4 e6 3. Nc3 d5 4. Bg5 Be7 5. e3 h6 6. Bh4 O-O 7. Rc1 c6 8. Nf3 Ne4 9. Bxe7 Qxe7 10. Qc2 Nxc3 11. Qxc3 dxc4 12. Bxc4 b6 13. O-O Nd7 14. b4 Bb7 15. Be2 Rfc8 16. Rfd1 1/2-1/2

[Event "GER-ch"]
[Site "Bad Neuenahr"]
[Date "1991.??.??"]
[Round "10"]
[White "Schoene, Ralf"]
[Black "Boensch, Uwe"]
[Result "1/2-1/2"]
[WhiteElo "2350"]
[BlackElo "2470"]
[PlyCount "221"]
[EventDate "1991.06.??"]
[Source "ChessBase"]

1. d4 Nf6 2. c4 e6 3. Nc3 d5 4. Bg5 Be7 5. e3 h6 6. Bh4 O-O 7. Rc1 Ne4 8. Bxe7 Qxe7 9. cxd5 Nxc3 10. bxc3 exd5 11. Qb3 Rd8 12. Nf3 c5 13. dxc5 Nd7 14. Be2 Nxc5 15. Qb4 Bf5 16. O-O Be4 17. Rfd1 b6 18. Rd2 Rd6 19. c4 Rad8 20. Rcd1 Qf6 21. h3 Bxf3 22. Bxf3 d4 23. exd4 Rxd4 24. Rxd4 Rxd4 25. Rxd4 Qxd4 26. Qb5 Qa1+ 27. Kh2 Qe5+ 28. Kg1 g6 29. Qb1 Qd4 30. Qc2 Nd3 31. Bd5 Kg7 32. a4 h5 33. g3 Nc5 34. Qe2 Qf6 35. Qe8 a5 36. Kg2 h4 37. gxh4 Nd3 38. Qe3 Nf4+ 39. Kg3 Nh5+ 40. Kh2 Qd6+ 41. Kh1 Nf4 42. Kg1 Qf6 43. Bg2 Qxh4 44. Bf1 Qf6 45. Kh2 Qd6 46. Kg1 Ne6 47. Bg2 Nc5 48. Bd5 Qf6 49. Qe8 g5 50. Kg2 Qf5 51. Kg1 Nd3 52. Qe3 Nf4 53. Bg2 Qc5 54. Qe4 Qd6 55. Qe3 Kf8 56. Qf3 Qe5 57. Bf1 Ne6 58. Qc6 Qd4 59. Qa8+ Kg7 60. Qf3 Nc5 61. Qf5 Qf6 62. Qc2 Qe5 63. Qd1 Ne6 64. Bg2 Qd4 65. Qc2 Nf4 66. Bf1 Kf6 67. Qb3 Ke7 68. Qf3 f6 69. Qb7+ Kd6 70. Qc8 Ke5 71. Qc6 Qc5 72. Qf3 Kd6 73. Qa8 Qc6 74. Qf8+ Ke6 75. Qa3 Kf7 76. Qb3 Kg7 77. Qe3 Qd6 78. Qf3 Qe6 79. Qb7+ Kg6 80. Qa8 Qd6 81. Qe8+ Kg7 82. Qe4 Qd7 83. Qf3 Ng6 84. Qe3 Qc6 85. Bd3 Ne5 86. Be2 Qd6 87. f4 gxf4 88. Qxf4 Qa3 89. Qf2 Qxa4 90. Qxb6 Qb4 91. Qa7+ Kg6 92. Qe3 a4 93. Bd3+ Kf7 94. Qe4 a3 95. Qh7+ Kf8 96. Qh8+ Ke7 97. Qg7+ Nf7 98. Bg6 Qxc4 99. Bxf7 Qxf7 100. Qg3 Qa2 101. Qg7+ Kd6 102. Qxf6+ Kc5 103. Qc3+ Kb5 104. Qe5+ Kb4 105. Qd6+ Kc3 106. Qe5+ Kb3 107. Qd5+ Kb2 108. Qd4+ Kc1 109. Qc3+ Kb1 110. Qe1+ Kb2 111. Qe5+ 1/2-1/2

[Event "06.OIBayEM Bad Wiessee op"]
[Site "?"]
[Date "2002.10.31"]
[Round "6"]
[White "Lerner Konstantin Z"]
[Black "Glienke Manfred"]
[Result "1-0"]
[WhiteElo "2504"]
[BlackElo "2316"]
[PlyCount "69"]
[EventDate "2002.??.??"]
[Source "www.chesslib.no"]
[SourceDate "2004.05.04"]

1. d4 d5 2. c4 e6 3. Nc3 Nf6 4. Bg5 Be7 5. e3 h6 6. Bh4 O-O 7. Rc1 b6 8. Bxf6 Bxf6 9. cxd5 exd5 10. Qf3 c6 11. Bd3 Na6 12. Nge2 Nc7 13. O-O g6 14. e4 Bg7 15. e5 Qg5 16. Qe3 Qxe3 17. fxe3 h5 18. Nf4 Bh6 19. Nce2 Bd7 20. Rc3 Rfd8 21. Kf2 Rab8 22. b4 Bf8 23. Rb1 Kg7 24. e4 dxe4 25. Bxe4 Nb5 26. Rd3 Rbc8 27. a3 Re8 28. Rc1 Kh6 29. e6 Rxe6 30. Nxe6 fxe6 31. Nf4 g5 32. Nxh5 Kxh5 33. Rh3+ Kg4 34. Rh7 Be8 35. g3 1-0

[Event "Novi Sad ol (Men)"]
[Site "Novi Sad YUG"]
[Date "1990.??.??"]
[Round "12"]
[White "Arduman, Can"]
[Black "Sanna, Gianlazzaro"]
[Result "1/2-1/2"]
[WhiteElo "2375"]
[BlackElo "2395"]
[PlyCount "95"]
[EventDate "1990.11.??"]
[Source "www.chesslib.no"]
[SourceDate "2004.05.04"]

1. d4 d5 2. c4 e6 3. Nc3 Nf6 4. Bg5 Be7 5. e3 h6 6. Bh4 O-O 7. Rc1 b6 8. cxd5 Nxd5 9. Nxd5 exd5 10. Bxe7 Qxe7 11. Be2 Be6 12. Bf3 Na6 13. Ne2 Qb4+ 14. Qd2 c5 15. Nf4 cxd4 16. Qxb4 Nxb4 17. a3 Na6 18. exd4 Rac8 19. Rxc8 Rxc8 20. Kd2 Nb8 21. Re1 Bf5 22. Nxd5 Kf8 23. Ne3 Bd7 24. Rc1 Rxc1 25. Kxc1 Nc6 26. Bxc6 Bxc6 27. d5 Bd7 28. Kd2 Ke7 29. Kc3 Kd6 30. Kd4 b5 31. g4 g6 32. Ke4 Bc8 33. h4 Bd7 34. f4 Bxg4 35. Nxg4 f5+ 36. Kf3 fxg4+ 37. Kxg4 Kxd5 38. f5 gxf5+ 39. Kxf5 Kc4 40. Kg6 Kb3 41. Kxh6 Kxb2 42. Kg5 Kxa3 43. h5 b4 44. h6 b3 45. h7 b2 46. h8=Q b1=Q 47. Qc3+ Qb3 48. Qc5+ 1/2-1/2

[Event "Russia Cup II, Moscow RUS"]
[Site "Moscow"]
[Date "1996.??.??"]
[Round "?"]
[White "Kosyrev, V."]
[Black "Yegiazarian, A."]
[Result "1-0"]
[WhiteElo "2315"]
[BlackElo "2455"]
[PlyCount "87"]
[EventDate "1996.??.??"]
[Source "www.chesslib.no"]
[SourceDate "2004.05.04"]

1. d4 Nf6 2. c4 e6 3. Nc3 d5 4. Bg5 Be7 5. e3 O-O 6. Rc1 h6 7. Bh4 b6 8. cxd5 Nxd5 9. Bxe7 Qxe7 10. Nxd5 exd5 11. Be2 Be6 12. Bf3 Na6 13. Ne2 c5 14. O-O c4 15. Nf4 Qd6 16. b3 b5 17. a4 Rac8 18. axb5 Nb4 19. bxc4 dxc4 20. Nxe6 fxe6 21. Qd2 Rc7 22. Rc3 Qb6 23. d5 Rd8 24. e4 Qxb5 25. Qf4 Re7 26. Qh4 Rde8 27. Bh5 g5 28. Qg4 Rd8 29. dxe6 Nd3 30. Bf7+ Kg7 31. h4 Rc7 32. e7 Rxe7 33. Bxc4 Ne5 34. Qxg5+ hxg5 35. Bxb5 gxh4 36. f4 Nf7 37. e5 Rb7 38. Rc5 Rd2 39. f5 h3 40. f6+ Kh6 41. Bc6 Rbb2 42. e6 Nd8 43. e7 Nxc6 44. Rh5+ 1-0

[Event "JUG Ch"]
[Site "Kladovo"]
[Date "1992.??.??"]
[Round "9"]
[White "Jovanovic, Sasa T"]
[Black "Vujosevic, Vladimir"]
[Result "1/2-1/2"]
[WhiteElo "2340"]
[BlackElo "2400"]
[PlyCount "28"]
[EventDate "1992.12.??"]
[Source "www.chesslib.no"]
[SourceDate "2004.05.04"]

1. d4 Nf6 2. c4 e6 3. Nc3 d5 4. Bg5 Be7 5. e3 O-O 6. Rc1 h6 7. Bh4 b6 8. Bxf6 Bxf6 9. cxd5 exd5 10. Qf3 Bb7 11. Bc4 c6 12. Bb3 Na6 13. Nge2 Nc7 14. O-O Ne6 1/2-1/2

[Event "Pozarevac"]
[Site "Pozarevac"]
[Date "1995.??.??"]
[Round "6"]
[White "Milovanovic, Rade"]
[Black "Trifunovic, Miroljub"]
[Result "1/2-1/2"]
[WhiteElo "2445"]
[BlackElo "2295"]
[PlyCount "129"]
[EventDate "1995.06.??"]
[Source "ChessBase"]

1. d4 Nf6 2. c4 e6 3. Nc3 d5 4. Bg5 Be7 5. e3 h6 6. Bh4 O-O 7. Rc1 dxc4 8. Bxc4 c5 9. Nf3 Nc6 10. O-O cxd4 11. exd4 b6 12. Bd3 Bb7 13. Bb1 Nh5 14. Qd3 g6 15. Bxe7 Nxe7 16. Ne2 Nd5 17. Qd2 Kg7 18. Ne5 Qh4 19. g3 Qe7 20. a3 Qd6 21. Rfe1 Rad8 22. Rcd1 Ba8 23. g4 Nhf6 24. f4 h5 25. f5 Nxg4 26. Nxg4 hxg4 27. fxg6 Rh8 28. Ng3 Nf4 29. Be4 Nh3+ 30. Kg2 f5 31. Bxa8 Rxa8 32. d5 Nf4+ 33. Kg1 Nxd5 34. Qg5 Qf4 35. Nxf5+ exf5 36. Re7+ Kg8 37. Qxf4 Nxf4 38. Rdd7 Nxg6 39. Rg7+ Kf8 40. Rxg6 Rc8 41. Rf6+ Ke8 42. Rxa7 f4 43. Rxf4 Rc1+ 44. Kg2 Rc2+ 45. Kg3 Rh3+ 46. Kxg4 Rhxh2 47. b4 Rcf2 48. Kf5 Rh5+ 49. Ke4 Rxf4+ 50. Kxf4 Kd8 51. Ke4 Kc8 52. Kd4 Kb8 53. Re7 Rh3 54. a4 Rh4+ 55. Re4 Rh5 56. Kc4 Kc7 57. Re6 Rg5 58. Rh6 Kb7 59. Rd6 Rg7 60. Rd5 Rh7 61. Re5 Rh4+ 62. Kb5 Rh7 63. a5 bxa5 64. Kxa5 Rg7 65. b5 1/2-1/2